000 00261nam a22001217a 4500
008 170328b xxu||||| |||| 00| 0 eng d
041 _aeng
080 _25 ed
_a796.3
100 _a8
101 _ashm
245 _aFITNESS WELLNESS
_cPOWERS.S.K
942 _2udc
_cBK
999 _c8849
_d8849